Sistema de información web para el control y seguimiento de incidencias del área de aseguramiento de ingresos de claro Centroamérica y panamá CENAMPA
Presenta el desarrollo de un sistema de información web para el control y seguimiento de incidencias de área de aseguramiento de ingresos de Claro Centroamérica y Panamá CENAMPA. Se efectúa el diseño del sistema de información haciendo uso de la metodología UWE con UML para el modelamiento...
| Main Authors: | , , |
|---|---|
| Other Authors: | |
| Format: | Tesis Section = Libro |
| Language: | Undetermined Spanish |
| Published: |
Managua
UNI
2018
|
| Subjects: |
| LEADER | 01345nam a2200289Ia 4500 | ||
|---|---|---|---|
| 008 | 240830s9999 xx 000 0 und d | ||
| 040 | |a BIBLIOTECA-RUPAP Mon 005.1 G216 | ||
| 041 | |a spa | ||
| 082 | |a Mon 005.1 G216 | ||
| 100 | 1 | |a García González, Alberto José | |
| 100 | 1 | |b Alarcón Soza, Anayling Lorena | |
| 100 | 1 | |c Bermúdez Madrigal, Walter Ismael | |
| 245 | 1 | 0 | |a Sistema de información web para el control y seguimiento de incidencias del área de aseguramiento de ingresos de claro Centroamérica y panamá CENAMPA |
| 260 | |a Managua |b UNI |c 2018 | ||
| 300 | |a 95 p. :il. | ||
| 500 | |a Contiene: anexos y CD. | ||
| 502 | |a Tesis (Ingeniero de Sistemas)- UNI, 2018. | ||
| 520 | 3 | |a Presenta el desarrollo de un sistema de información web para el control y seguimiento de incidencias de área de aseguramiento de ingresos de Claro Centroamérica y Panamá CENAMPA. Se efectúa el diseño del sistema de información haciendo uso de la metodología UWE con UML para el modelamiento de los diagramas. | |
| 650 | 7 | |a SISTEMAS DE INFORMACION WEB-DESARROLLO | |
| 650 | 7 | |b DESARROLLO DE SOFTWARE | |
| 650 | 7 | |c INGENIERIA DE SOFTWARE | |
| 650 | 7 | |d BASES DE DATOS | |
| 650 | 7 | |e CONTROL Y SEGUIMIENTO DE INGRESOS | |
| 700 | 1 | |a Tutor: |b Herrera Treminio, Walger José | |
| 942 | |c BK |2 ddc | ||
| 991 | |a TESIS | ||
| 999 | |c 15288 | ||